Score 0/46 Timer 06:00
0 Plays Today
Hint 4-letter word % Correct
The more things change, more they stay the ____● SAME ●
91.7%
A heapPILE
90.4%
Paul Revere would see one if by ____, two if by seaLAND
90.4%
The past tense of goWENT
89.3%
Counterpart to 'this'● THAT ●
89.2%
This was approved for contraceptive use in 1960PILL
88.9%
A title for a ruler from Cornwall, York, Gloucester, etc.DUKE
87.9%
A politician is this kind of duck at the end of a termLAME
87.6%
Enjoy● LIKE ●
86.5%
One of the Four EvangelistsLUKE
85.8%
Mates of moms'DADS
85.3%
A long, thrusting spear once used by infantryPIKE
84.4%
Try cowboy life on this kind of ranch● DUDE? ●
84.2%
The greatest in numberMOST
84%
London's Drury is a famous one of theseLANE
83.6%
This is the first thing that happens to an eggLAID
83.5%
The 19th Amendment lets U.S. women vote herePOLL
83.3%
Part of a medieval castle's defensive strategyMOAT
83.3%
Eleventh President of the United StatesPOLK
82.5%
Jack's a dull boy when all he does is this● WORK ●
81.2%
With 'The' -- a hemisphere, or a Cold War factionWEST
80.5%
FDR gave this type of fireside radio addressCHAT
80.5%
Term for unexploded ordnance DUDS
79.9%
Hint 4-letter word % Correct
British soldiers might wear a red oneCOAT
79.9%
49ers rushed to California to find the mother ____LODE
79%
Traditional knowledge and wisdomLORE
78.4%
A spar found on a clipper shipMAST
78.3%
Delivered a compliment, attention, or money● PAID ●
77.9%
A kingdom was lost, for ____ of a nailWANT
77.5%
Title for Jane Grey, monarch of England in 1553● LADY -- ●
77.3%
NippleTEAT
75.8%
A possibly shady type of government spendingPORK
74.7%
To diminishWANE
74.6%
With 'The' -- a hemisphere, or a Cold War factionEAST
74.4%
Eroded, deterioratedWORE
73.4%
A raised platform for dignitary addressesDAIS
72.3%
A musical pauseREST
72%
A joke, a jape, a quip, a gagJEST
72%
To load with cargoLADE
71.7%
The Spanish word for countryPAIS
69.3%
Confucius is alternately known as The Great ____SAGE
68.5%
This type of cricket match was first played in 1877TEST
68.1%
To engage in a war● WAGE, ●
67.9%
A fair ruler might get called this, ie Louis the ____● JUST ●
65.5%
This 'belt' is a postindustrial region of the U.S.RUST
65.1%
Like 1-2-3, A-B-C, or Do-Re-Mi● EASY. ●
54.1%

Today's Daily Dose

Remove Ads.
Support Sporcle.
Get the best of Sporcle when you Go Orange. This ad-free experience offers more features, more stats, and more fun while also helping to support Sporcle. Thank you for becoming a member.

You're not logged in!

Compare scores with friends on all Sporcle quizzes.
OR
Log In

Show Comments

Extras

Top Quizzes Today


Score Distribution

Your Account Isn't Verified!

In order to create a playlist on Sporcle, you need to verify the email address you used during registration. Go to your Sporcle Settings to finish the process.

Report this User

Report this user for behavior that violates our Community Guidelines.

Details: